Porcentajes - Estadísticas

Estadísticas generales
  • Esta prueba ha sido intentada 28 veces
    27 desde el último reinicio
  • La puntuación promedio es 8 de 12
Estadísticas de respuestas
Hint Respuesta % Correcto
40% de 90= 36.
96%
90% de 60= 54.
92%
80% de 80= 64.
88%
36% de 300= 108.
80%
50= ____% de 2500. 2.
68%
180=____% de 100. 180.
64%
10= 66,6...% de 15.
60%
9=30% de 30.
60%
70= ____% de 14. 500.
60%
60= 80% de 75.
60%
4=____% de 3,2. 125.
52%
18= 40% de 45.
52%
No se encontraron pruebas coincidentes
Distribución de puntuación
Porcentaje de gente con cada puntuación
Porcentaje por número respondido
Historial de tus puntuaciones
No has intentado esta prueba desde el último reinicio